Cities in the United States with Bus Rapid Transit - Statistics

General Stats
  • This quiz has been taken 507 times
  • The average score is 26 of 49
Answer Stats
City Service Name Average Weekday Ridership % Correct
New York Select Bus Service 306,000
98%
Los Angeles G Line, Harbor Transitway,___ Transitway 26,000
95%
Miami South Dade Transitway 23,000
93%
San Francisco Geary BRT, Van Ness BRT 20,000
93%
Boston Silver Line 35,000
92%
Chicago Jeffery Jump, LoopLink, Pace Pulse 32,100
92%
Seattle SODO Busway, SoundTransit Express, RapidRide 81,900
91%
Houston Silver Line 900
89%
Portland FX 7,000
89%
San Diego MTS Rapid 13,100
84%
Alexandria Metroway 1,400
80%
Cleveland HealthLine 15,000
80%
Ardmore ___ Busway 400
79%
Denver Flatiron Flyer 12,000
77%
Minneapolis/St. Paul A Line, C Line, D Line,Orange Line, UM Campus Shuttle 25,000
77%
Austin MetroRapid 12,300
75%
Orlando LYMMO 1,600
75%
Pittsburgh South Busway, WestBusway, Martin Luther King Jr. East Busway 41,900
74%
Columbus CMAX ?
73%
San Antonio Primo 9,000
73%
Oakland Tempo, San Pablo Rapid ?
72%
Indianapolis ___Go 4,000
65%
Kansas City MAX 10,200
65%
San Jose Rapid 522 7,000
64%
Milwaukee Connect ?
62%
Albuquerque ART 8,100
53%
Louisville Dixie Rapid ?
52%
El Paso Brio 7,700
49%
Richmond Pulse 30,000
49%
Providence East Side Bus Tunnel ?
48%
Hartford __fastrak 9,700
46%
Omaha OBRT 1,700
44%
Birmingham ___ XPress ?
38%
Tulsa Aero ?
38%
Albany BusPlus 3,500
35%
Reno RTC Rapid ?
31%
Spokane City Line ?
25%
Grand Rapids Silver Line, Laker Line ?
20%
Eugene Emerald Express 10,000
19%
San Bernardino sbX 2,500
16%
Stockton BRT Express 8,200
11%
St. Petersburg SunRunner 3,500
9%
Provo ___ Valley Express 14,000
7%
Vancouver The Vine ?
6%
Fort Collins Transfort 3,000
5%
Ogden ___ Express ?
4%
Glenwood Springs VelociRFTA ?
3%
Everett Swift ?
2%
Livermore Tri-Valley Rapid ?
1%
No matching quizzes found
Score Distribution
Percent of People with Each Score
Percentile by Number Answered
Your Score History
You have not taken this quiz